header

Learning to read : (Record no. 265747)

MARC details
000 -LEADER
fixed length control field 01921cam a22004454a 4500
001 - CONTROL NUMBER
control field 12280455
003 - CONTROL NUMBER IDENTIFIER
control field OSt
005 - DATE AND TIME OF LATEST TRANSACTION
control field 20260122124103.0
008 - FIXED-LENGTH DATA ELEMENTS--GENERAL INFORMATION
fixed length control field 010117s2001 nyua b 001 0 eng
010 ## - LIBRARY OF CONGRESS CONTROL NUMBER
LC control number 2001018802
020 ## - INTERNATIONAL STANDARD BOOK NUMBER
International Standard Book Number 1572306483
Qualifying information hbk. : alk. paper
International Standard Book Number 1572306491
Qualifying information pbk.
International Standard Book Number 9781572306486
Qualifying information (hbk. : alk. paper)
International Standard Book Number 9781572306493
Qualifying information (pbk.)
035 ## - SYSTEM CONTROL NUMBER
System control number 12280455
040 ## - CATALOGING SOURCE
Original cataloging agency DLC
Transcribing agency DLC
Modifying agency DLC
042 ## - AUTHENTICATION CODE
Authentication code pcc
050 00 - LIBRARY OF CONGRESS CALL NUMBER
Classification number LB1525
Item number .L36 2001
082 00 - DEWEY DECIMAL CLASSIFICATION NUMBER
Classification number 372.4
Edition number 21
245 00 - TITLE STATEMENT
Title Learning to read :
Remainder of title lessons from exemplary first-grade classrooms /
Statement of responsibility, etc Michael Pressley ... [et al.].
260 ## - PUBLICATION, DISTRIBUTION, ETC. (IMPRINT)
Place of publication, distribution, etc New York :
Name of publisher, distributor, etc Guilford Press,
Date of publication, distribution, etc c2001.
300 ## - PHYSICAL DESCRIPTION
Extent xii, 242 p. :
Other physical details ill. ;
Dimensions 24 cm.
336 ## - CONTENT TYPE
Content type term text
Content type code txt
Source rdacontent
337 ## - MEDIA TYPE
Media type term unmediated
Media type code n
Source rdamedia
338 ## - CARRIER TYPE
Carrier type term volume
Carrier type code nc
Source rdacarrier
440 #0 - SERIES STATEMENT/ADDED ENTRY--TITLE
Title Solving problems in the teaching of literacy
504 ## - BIBLIOGRAPHY, ETC. NOTE
Bibliography, etc Includes bibliographical references and index.
650 #0 - SUBJECT ADDED ENTRY--TOPICAL TERM
Topical term or geographic name as entry element Reading (Primary)
Form subdivision Case studies.
Topical term or geographic name as entry element First grade (Education)
Form subdivision Case studies.
655 #7 - INDEX TERM--GENRE/FORM
Genre/form data or focus term Case studies.
Source of term lcgft
Authority record control number https://id.loc.gov/authorities/genreForms/gf2017026140
700 1# - ADDED ENTRY--PERSONAL NAME
Personal name Pressley, Michael.
856 42 - ELECTRONIC LOCATION AND ACCESS
Materials specified Contributor biographical information
Uniform Resource Identifier <a href="http://www.loc.gov/catdir/bios/guilford051/2001018802.html">http://www.loc.gov/catdir/bios/guilford051/2001018802.html</a>
Materials specified Publisher description
Uniform Resource Identifier <a href="http://www.loc.gov/catdir/description/guilford051/2001018802.html">http://www.loc.gov/catdir/description/guilford051/2001018802.html</a>
Materials specified Table of contents
Uniform Resource Identifier <a href="http://www.loc.gov/catdir/toc/guilford041/2001018802.html">http://www.loc.gov/catdir/toc/guilford041/2001018802.html</a>
Materials specified Sample text
Uniform Resource Identifier <a href="http://www.loc.gov/catdir/enhancements/fy0650/2001018802-s.html">http://www.loc.gov/catdir/enhancements/fy0650/2001018802-s.html</a>
906 ## - LOCAL DATA ELEMENT F, LDF (RLIN)
a 7
b cbc
c orignew
d 1
e ocip
f 20
g y-gencatlg
942 ## - ADDED ENTRY ELEMENTS (KOHA)
Source of classification or shelving scheme Library of Congress Classification
Koha item type Long Loan Books
Holdings
Withdrawn status Lost status Source of classification or shelving scheme Damaged status Not for loan Collection code Home library Current library Shelving location Date acquired Source of acquisition Total Checkouts Full call number Barcode Date last seen Price effective from Koha item type
    Library of Congress Classification     Non-fiction Rongo University Library Rongo University Library General Stacks 22/01/2026 Books for Africa, Donation   LB1525 .L36 2001 20261152 22/01/2026 22/01/2026 Long Loan Books

© 2026 Rongo University
Contact us: librarian | system librarian | Rongo university